<?xml version="1.0" encoding="UTF-8"?>
<record
    xmlns:xsi="http://www.w3.org/2001/XMLSchema-instance"
    xsi:schemaLocation="http://www.loc.gov/MARC21/slim http://www.loc.gov/standards/marcxml/schema/MARC21slim.xsd"
    xmlns="http://www.loc.gov/MARC21/slim">

  <leader>01477namaa22003491i 4500</leader>
  <controlfield tag="005">20260524142827.0</controlfield>
  <controlfield tag="008">260524s1995    ua aoc|frm||| 00| 0 eng d</controlfield>
  <datafield tag="040" ind1=" " ind2=" ">
    <subfield code="a">EG-GICUC</subfield>
    <subfield code="b">eng</subfield>
    <subfield code="c">EG-GICUC</subfield>
    <subfield code="d">EG-GICUC</subfield>
    <subfield code="e">rda</subfield>
  </datafield>
  <datafield tag="041" ind1="0" ind2=" ">
    <subfield code="a">eng</subfield>
    <subfield code="b">eng</subfield>
    <subfield code="b">ara</subfield>
  </datafield>
  <datafield tag="049" ind1=" " ind2=" ">
    <subfield code="a">Deposit</subfield>
  </datafield>
  <datafield tag="097" ind1=" " ind2=" ">
    <subfield code="a">Ph.D</subfield>
  </datafield>
  <datafield tag="099" ind1=" " ind2=" ">
    <subfield code="a">Cai01.21.02.Ph.D.1995.Bo.E</subfield>
  </datafield>
  <datafield tag="100" ind1="0" ind2=" ">
    <subfield code="a">Bothaina Hosny Youness</subfield>
    <subfield code="e">preparation.</subfield>
  </datafield>
  <datafield tag="245" ind1="1" ind2="0">
    <subfield code="a">Effects of breathing exercises on pulmonary function pre and post abdominal operations / </subfield>
    <subfield code="c">By Bothaina Hosny Youness ; Supervised By Dr. Nagwa Mohamed Badr, Dr. Adel Wadi Falasteen.</subfield>
  </datafield>
  <datafield tag="246" ind1="1" ind2="5">
    <subfield code="a">&#x62A;&#x623;&#x62B;&#x64A;&#x631; &#x62A;&#x645;&#x631;&#x64A;&#x646;&#x627;&#x62A; &#x627;&#x644;&#x62A;&#x646;&#x641;&#x633; &#x639;&#x644;&#x649; &#x648;&#x638;&#x627;&#x626;&#x641; &#x627;&#x644;&#x631;&#x626;&#x629; &#x642;&#x628;&#x644; &#x648; &#x628;&#x639;&#x62F; &#x639;&#x645;&#x644;&#x64A;&#x627;&#x62A; &#x627;&#x644;&#x628;&#x637;&#x646; &#x627;&#x644;&#x645;&#x62E;&#x62A;&#x644;&#x641;&#x629;</subfield>
  </datafield>
  <datafield tag="264" ind1=" " ind2="0">
    <subfield code="c">1995.</subfield>
  </datafield>
  <datafield tag="300" ind1=" " ind2=" ">
    <subfield code="a">245 pages : </subfield>
    <subfield code="b">illustrations ; </subfield>
    <subfield code="c">30 cm. + </subfield>
  </datafield>
  <datafield tag="336" ind1=" " ind2=" ">
    <subfield code="2">rda content</subfield>
    <subfield code="a">text</subfield>
  </datafield>
  <datafield tag="337" ind1=" " ind2=" ">
    <subfield code="2">rdamedia</subfield>
    <subfield code="a">Unmediated</subfield>
  </datafield>
  <datafield tag="338" ind1=" " ind2=" ">
    <subfield code="2">rdacarrier</subfield>
    <subfield code="a">volume</subfield>
  </datafield>
  <datafield tag="502" ind1=" " ind2=" ">
    <subfield code="a">Thesis (Ph.D)-Cairo University, 1995.</subfield>
  </datafield>
  <datafield tag="504" ind1=" " ind2=" ">
    <subfield code="a">Bibliography: pages 226-245</subfield>
  </datafield>
  <datafield tag="653" ind1=" " ind2="0">
    <subfield code="a">physical therapy</subfield>
  </datafield>
  <datafield tag="653" ind1=" " ind2="0">
    <subfield code="a">cardiopulmonary</subfield>
  </datafield>
  <datafield tag="653" ind1=" " ind2="0">
    <subfield code="a">abdominal operations</subfield>
  </datafield>
  <datafield tag="653" ind1=" " ind2="0">
    <subfield code="a">breathing exercises </subfield>
  </datafield>
  <datafield tag="700" ind1="0" ind2=" ">
    <subfield code="a"> Dr. Nagwa Mohamed Badr.</subfield>
    <subfield code="e">thesis advisor.</subfield>
  </datafield>
  <datafield tag="700" ind1="0" ind2=" ">
    <subfield code="a">Dr. Adel Wadi Falasteen.</subfield>
    <subfield code="e">thesis advisor.</subfield>
  </datafield>
  <datafield tag="900" ind1=" " ind2=" ">
    <subfield code="D">Department of cardiopulmonary</subfield>
    <subfield code="F">Faculty of physical therapy</subfield>
    <subfield code="U">Cairo University</subfield>
    <subfield code="b">1995.</subfield>
    <subfield code="c">Dr. Nagwa Mohamed Badr.</subfield>
    <subfield code="c">Dr. Adel Wadi Falasteen.</subfield>
    <subfield code="d">Dr. Nagwa Mohamed Badr.</subfield>
  </datafield>
  <datafield tag="905" ind1=" " ind2=" ">
    <subfield code="a">Nermeen-A</subfield>
  </datafield>
  <datafield tag="942" ind1=" " ind2=" ">
    <subfield code="2">ddc</subfield>
    <subfield code="c">TH</subfield>
    <subfield code="e">21</subfield>
    <subfield code="n">0</subfield>
  </datafield>
  <datafield tag="999" ind1=" " ind2=" ">
    <subfield code="c">180295</subfield>
  </datafield>
  <datafield tag="952" ind1=" " ind2=" ">
    <subfield code="2">ddc</subfield>
    <subfield code="9">318413</subfield>
    <subfield code="a">CUCL</subfield>
    <subfield code="b">100</subfield>
    <subfield code="d">2026-05-24</subfield>
    <subfield code="i">26368</subfield>
    <subfield code="o">Cai01.21.02.Ph.D.1995.Bo.E</subfield>
    <subfield code="p">01010110026368000</subfield>
    <subfield code="r">2026-05-24 13:29:04</subfield>
    <subfield code="w">2026-05-24</subfield>
    <subfield code="y">TH</subfield>
  </datafield>
</record>
